Human Genetics Concepts and Applications (Record no. 562158)

000 -LEADER
fixed length control field 00340nam a2200121Ia 4500
008 - FIXED-LENGTH DATA ELEMENTS--GENERAL INFORMATION
fixed length control field 210430s9999 xx 000 0 und d
082 ## - DEWEY DECIMAL CLASSIFICATION NUMBER
Classification number 599.93 L669 H
100 ## - MAIN ENTRY--PERSONAL NAME
Personal name Ricki Lewis
245 ## - TITLE STATEMENT
Title Human Genetics Concepts and Applications
Statement of responsibility, etc. Ricki Lewis
260 ## - PUBLICATION, DISTRIBUTION, ETC.
Place of publication, distribution, etc. Islamabad
Name of publisher, distributor, etc. Nation Book Foundation
Date of publication, distribution, etc. 2010
300 ## - PHYSICAL DESCRIPTION
Extent 448p.
942 ## - ADDED ENTRY ELEMENTS (KOHA)
Koha item type Book
Source of classification or shelving scheme
Holdings
Withdrawn status Lost status Damaged status Not for loan Collection code Permanent Location Current Location Shelving location Date acquired Total Checkouts Full call number Barcode Date last seen Price effective from Koha item type
          School of Chemical & Materials Engineering (SCME) School of Chemical & Materials Engineering (SCME) General Stacks     599.93 L669 H SCME-1018 04/30/2021 04/30/2021 Book
© 2023 Central Library, National University of Sciences and Technology. All Rights Reserved.